Los Balbos de Cádiz (Record no. 131924)

MARC details
000 -LEADER
campo de control de longitud fija 00602nam a2200169 4500
001 - NÚMERO DE CONTROL
campo de control 131924
003 - IDENTIFICADOR DE NÚMERO DE CONTROL
campo de control ES-MaACL
005 - FECHA Y HORA DE LA ÚLTIMA TRANSACCIÓN
campo de control 20230906194055.0
007 - CAMPO FIJO DE DESCRIPCIÓN FÍSICA--INFORMACIÓN GENERAL
campo de control de longitud fija t|
008 - DATOS DE LONGITUD FIJA--INFORMACIÓN GENERAL
campo de control de longitud fija 070214s1973 sp r ||||1| spa d
100 1# - ENTRADA PRINCIPAL--NOMBRE DE PERSONA
Nombre de persona Rodríguez Neila, Juan Francisco.
9 (RLIN) 98698
245 14 - MENCIÓN DEL TÍTULO
Título Los Balbos de Cádiz
Resto del título : dos españoles en la Roma de César y Augusto /
Mención de responsabilidad, etc. Juan Francisco Rodríguez Neila.
260 ## - PUBLICACIÓN, DISTRIBUCIÓN, ETC.
Lugar de publicación, distribución, etc. Sevilla :
Nombre del editor, distribuidor, etc. Universidad, Filosofía y Letras,
Fecha de publicación, distribución, etc. 1973.
300 ## - DESCRIPCIÓN FÍSICA
Extensión 320 p., 11 lám. ;
Dimensiones 24 cm.
710 2# - ENTRADA AGREGADA--NOMBRE DE ENTIDAD CORPORATIVA
Nombre de entidad corporativa o nombre de jurisdicción como elemento de entrada Universidad de Sevilla.
Unidad subordinada Filosofía y Letras.
9 (RLIN) 7310
852 ## - LOCALIZACIÓN
Ubicación ES-MaACL
Número de control de estantería C-55424
Sublocalización o colección R.88128
Holdings
Estatus retirado Estado de pérdida Estado de daño No para préstamo Biblioteca de origen Biblioteca actual Ubicación en estantería Fecha de adquisición Fuente de adquisición Total de préstamos Signatura topográfica completa Código de barras Visto por última vez Precio de reemplazo Tipo de ítem Koha
        Biblioteca del Ateneo de Madrid Biblioteca del Ateneo de Madrid Depósito 2 17/01/2008     C-55424 1137347 23/02/2023 23/02/2023 Libro impreso